000 00909nam a2200241 i 4500
001 104956
003 ES-MaACL
005 20250927102847.0
007 t|
008 060601q18661874fr ||||1| fre d
080 _a821.124-96"-00"
100 1 _aCicerón, Marco Tulio.
_938748
245 1 0 _aOeuvres complètes
_b: Les académiques des vrais biens et des vrais maux, Les paradoxes /
_cde Cicéron ; traduction de Delcasso ... [et al.] ; soigneusement revues par J.-P. Charpentier.
260 _aParis :
_bGarnier,
_c[186?]
300 _a477 p. ;
_c19 cm.
490 1 _aBibliothèque Latine-Française ;
_v16
500 _aBiblioteca Jacinto Martínez Lacalle.
700 1 _aDelcasso, Laurent.
_943351
700 1 _aCharpentier, Jean-Pierre,
_d1797-1878
_938109
830 0 _aBibliothèque Latine-Française ;
_v16
_9188147
852 _aES-MaACL
_jE-11290
_bR.138957
999 _c104956
_d104956